000 00497nam a2200205Ia 4500
003 0100
008 130303s9999 xx 000 0 und d
040 _cARRUPELIB
050 _aBJ37.W45 1961
100 _aWerkmeister, William Henry
245 _aTheories of Ethics
245 _ba study in moral obligation
260 _aLincoln, Nebraska
260 _bJohnsen Publishing Company , Inc.
260 _C1961
300 _a445p.
300 _b 22cm.
650 _aETHICS
942 0 0 _03
999 _c46010
_d46010